00577nam a22001697a 450000500170000001000160001702000140003303500160004703700160006308200080007910000310008724500710011824600590018926000570024827000790030530000230038420200131122000.0 aB-208789  c300.00a- aB-208789  bDBAD/PUBa- a841 aجميلہ خد ا بخش  aد يو ا ن جميلہ-جلد ششمcجميلہ خد ا بخش  bDewan-e-Jamila (Part-6) (Urdu)aby Jamila Khuda Bakhsh aPatnabKhuda Bakhsh Oriental Public Libraryc2006 ء a1739/3,New Kohinoor Hotel Patodi House,Darya Ganj,bN.Delhi e110002k-l- a310 ص c22 Cm(Hb)